Biology : For biotechnology students
Plant form and function; reproduction of flowering plants; Plant responses to stimuli,....
Enregistré dans:
| Auteur principal: | |
|---|---|
| Format: | Livre |
| Langue: | Undetermined |
| Publié: |
Can Tho
Can Tho University
|
| Sujets: | |
| Tags: |
Ajouter un tag
Pas de tags, Soyez le premier à ajouter un tag!
|
| Thư viện lưu trữ: | Trung tâm Học liệu Trường Đại học Cần Thơ |
|---|
| LEADER | 00576nam a2200193Ia 4500 | ||
|---|---|---|---|
| 001 | CTU_192590 | ||
| 008 | 210402s9999 xx 000 0 und d | ||
| 082 | |a 570 | ||
| 082 | |b A107 | ||
| 100 | |a Bui, Tan Anh | ||
| 245 | 0 | |a Biology : | |
| 245 | 0 | |b For biotechnology students | |
| 245 | 0 | |c Bui Tan Anh | |
| 260 | |a Can Tho | ||
| 260 | |b Can Tho University | ||
| 520 | |a Plant form and function; reproduction of flowering plants; Plant responses to stimuli,.... | ||
| 650 | |a Sinh học,Biology | ||
| 904 | |i Trúc | ||
| 980 | |a Trung tâm Học liệu Trường Đại học Cần Thơ | ||